Essentials of leadership in public health / (Record no. 60179)

MARC details
000 -LEADER
fixed length control field 00556nam a22001697a 4500
005 - DATE AND TIME OF LATEST TRANSACTION
control field 20260212124728.0
008 - FIXED-LENGTH DATA ELEMENTS--GENERAL INFORMATION
fixed length control field 260212b |||||||| |||| 00| 0 eng d
020 ## - INTERNATIONAL STANDARD BOOK NUMBER
International Standard Book Number 9781284111484
050 ## - LIBRARY OF CONGRESS CALL NUMBER
Classification number RA410.6
Item number .R69 2018
100 ## - MAIN ENTRY--PERSONAL NAME
Personal name Rowitz, Louis,
245 ## - TITLE STATEMENT
Title Essentials of leadership in public health /
260 ## - PUBLICATION, DISTRIBUTION, ETC. (IMPRINT)
Place of publication, distribution, etc Burlington, MA :
Name of publisher, distributor, etc Jones & Bartlett Learning,
Date of publication, distribution, etc 2018.
300 ## - PHYSICAL DESCRIPTION
Extent viii, 206 pages :
Other physical details illustrations ;
Dimensions 28 cm
500 ## - GENERAL NOTE
General note Includes bibliographical references and index.
650 ## - SUBJECT ADDED ENTRY--TOPICAL TERM
Topical term or geographic name as entry element Public Health Administration
942 ## - ADDED ENTRY ELEMENTS (KOHA)
Source of classification or shelving scheme Library of Congress Classification
Item type Book
Holdings
Withdrawn status Lost status Source of classification or shelving scheme Damaged status Not for loan Collection code Home library Current library Shelving location Date acquired Source of acquisition Total Checkouts Full call number Barcode Date last seen Copy number Price effective from Koha item type
    Library of Congress Classification     Non-fiction Bishop Okullu Memorial Library (Limuru Campus) Bishop Okullu Memorial Library (Limuru Campus) General Circulation 12/02/2026 Donations-Pittsburg   RA410.6 .R69 2018 073095 12/02/2026 1 12/02/2026 Book